| 000 -LEADER |
| fixed length control field |
00596nam a22002057a 4500 |
| 003 - CONTROL NUMBER IDENTIFIER |
| control field |
OSt |
| 005 - DATE AND TIME OF LATEST TRANSACTION |
| control field |
20260423101215.0 |
| 008 - FIXED-LENGTH DATA ELEMENTS--GENERAL INFORMATION |
| fixed length control field |
260423b ||||| |||| 00| 0 eng d |
| 040 ## - CATALOGING SOURCE |
| Original cataloging agency |
BSHUA |
| Language of cataloging |
Shqip |
| 050 ## - LIBRARY OF CONGRESS CALL NUMBER |
| Item number |
785.72:787.61/Tor. |
| 082 ## - DEWEY DECIMAL CLASSIFICATION NUMBER |
| Item number |
785.72:787.61/Tor. |
| 100 ## - MAIN ENTRY--PERSONAL NAME |
| Personal name |
Torti, Lorenzo |
| 245 ## - TITLE STATEMENT |
| Title |
25 piccoli canoni : per due chitarre |
| 260 ## - PUBLICATION, DISTRIBUTION, ETC. (IMPRINT) |
| Place of publication, distribution, etc |
Ancona: |
| Name of publisher, distributor, etc |
Berben, |
| Date of publication, distribution, etc |
1984. |
| 300 ## - PHYSICAL DESCRIPTION |
| Extent |
12 f.; |
| 653 ## - INDEX TERM--UNCONTROLLED |
| Uncontrolled term |
Muzika boterore - Muzika italiane - Muzike dhome - Duo - Duo per dy kitara - |
| -- |
25 kanone te vogla - Partitura |
| 856 ## - ELECTRONIC LOCATION AND ACCESS |
| Link text |
Fulltext |
| 942 ## - ADDED ENTRY ELEMENTS (KOHA) |
| Source of classification or shelving scheme |
|
| Koha item type |
Music Scores |
| 953 ## - Fulltext |
| Is Fulltext Available |
Unavailable |